Catalog

Record Details

Catalog Search



Auf Zukunft hin : 1700 Jahre jüdisches Leben in Deutschland Cover Image Book Book

Auf Zukunft hin : 1700 Jahre jüdisches Leben in Deutschland

Record details

  • ISBN: 978-3-451-02749-9
  • Physical Description: 64 stran : ilustrace ;  30 cm
  • Publisher: Freiburg :  Herder Verlag,  2021

Available copies

  • 1 of 1 copy available at Common Catalog SPOK.

Holds

  • 0 current holds with 1 total copy.
Show All Copies
Location Call Number / Copy Notes Barcode Shelving Location Status Due Date
Jabok Library RE-4.2 424480043969 Beletrie Available -

LDR nam a22 i 4500
00149147
003CZ-PrJAB
00520210907130934.0
007ta
008 s2021 gw e 000 0 ger
020 . ‡a978-3-451-02749-9 ‡q(brožováno)
040 . ‡aABG312 ‡bcze ‡erda
072 7. ‡a26 ‡xJudaismus     ‡2Konspekt ‡95
24510. ‡aAuf Zukunft hin : ‡b1700 Jahre jüdisches Leben in Deutschland
264 1. ‡a Freiburg :  ‡bHerder Verlag,  ‡c2021
300 . ‡a64 stran : ‡bilustrace ;  ‡c30 cm
336 . ‡atext ‡btxt ‡2rdacontent
338 . ‡asvazek ‡bnc ‡2rdacarrier
6530 . ‡ajudaismus ‡aNěmecko  ‡aŽidé
910 . ‡aABG312
901 . ‡a49147 ‡bAUTOGEN ‡c49147 ‡tbiblio

Additional Resources